La construcción de las haciendas de Tlaxcala (Record no. 5341)
[ view plain ]
| 000 -CABECERA | |
|---|---|
| campo de control de longitud fija | 00859nam a2200241 a 4500 |
| 001 - NÚMERO DE CONTROL | |
| campo de control | BRCA_5647 |
| 005 - FECHA Y HORA DE LA ÚLTIMA TRANSACCIÓN | |
| campo de control | 20190320205151.0 |
| 008 - DATOS DE LONGITUD FIJA--INFORMACIÓN GENERAL | |
| campo de control de longitud fija | 180211s1998----mx-abe####---#000-0#spa-# |
| 020 ## - NÚMERO INTERNACIONAL ESTÁNDAR DEL LIBRO | |
| Número Internacional Estándar del Libro | 9682952247 |
| 041 ## - CÓDIGO DE LENGUA | |
| Código de lengua del texto/banda sonora o título independiente | spa |
| 044 ## - CÓDIGO DEL PAÍS DE LA ENTIDAD EDITORA/PRODUCTORA | |
| Código MARC del país | mx |
| 050 #4 - SIGNATURA TOPOGRÁFICA DE LA BIBLIOTECA DEL CONGRESO | |
| Número de clasificación | NA8206.T5 |
| Número de documento/Ítem | .T47 1998 |
| 100 1# - ENTRADA PRINCIPAL--NOMBRE DE PERSONA | |
| Nombre de persona | Terán Bonilla, José Antonio |
| 9 (RLIN) | 966 |
| 245 10 - MENCIÓN DE TÍTULO | |
| Título | La construcción de las haciendas de Tlaxcala |
| Mención de responsabilidad, etc. | José Antonio Terán Bonilla. |
| 260 ## - PUBLICACIÓN, DISTRIBUCIÓN, ETC. | |
| Lugar de publicación, distribución, etc. | México |
| Nombre del editor, distribuidor, etc. | INAH |
| Fecha de publicación, distribución, etc. | reimp. 1998 |
| 300 ## - DESCRIPCIÓN FÍSICA | |
| Extensión | 396 p. |
| Otras características físicas | il., mapas |
| Dimensiones | 26 cm. |
| 440 #0 - MENCIÓN DE SERIE/PUNTO DE ACCESO ADICIONAL--TÍTULO | |
| Título | Serie Historia |
| Nombre de parte o sección de la obra | Colección Científica |
| Designación de volumen o secuencia | 311 |
| 9 (RLIN) | 14362 |
| 500 ## - NOTA GENERAL | |
| Nota general | Incluye abreviaturas para el glosario de términos arquitectónicos y glosario de terminos arquitectónicos |
| 504 ## - NOTA DE BIBLIOGRAFÍA, ETC. | |
| Nota de bibliografía, etc. | Bibliografía: p. 379-386 |
| 650 14 - PUNTO DE ACCESO ADICIONAL DE MATERIA--TÉRMINO DE MATERIA | |
| Término de materia o nombre geográfico como elemento de entrada | Haciendas |
| Subdivisión geográfica | Tlaxcala (México) |
| 9 (RLIN) | 14363 |
| 650 14 - PUNTO DE ACCESO ADICIONAL DE MATERIA--TÉRMINO DE MATERIA | |
| Término de materia o nombre geográfico como elemento de entrada | Granja edificios |
| Subdivisión geográfica | Tlaxcala (México) |
| 9 (RLIN) | 14364 |
| 942 ## - ELEMENTOS DE PUNTO DE ACCESO ADICIONAL (KOHA) | |
| Fuente del sistema de clasificación o colocación | Library of Congress Classification |
| Tipo de ítem Koha | Libros |
| Estado de retiro | Estado de pérdida | Estado dañado | No para préstamo | Localización permanente | Ubicación/localización actual | Fecha de adquisición | Total de préstamos | Signatura topográfica completa | Código de barras | Fecha visto por última vez | Precio válido a partir de | Tipo de ítem Koha |
|---|---|---|---|---|---|---|---|---|---|---|---|---|
| El ejemplar forma parte de la colección y puede ser consultado según las políticas vigentes. | Biblioteca del Museo Franz Mayer (Rogerio Casas-Alatriste) | Biblioteca del Museo Franz Mayer (Rogerio Casas-Alatriste) | 15/02/2011 | NA8206.T5 .T47 1998 | 02562 | 22/03/2019 | 22/03/2019 | Libros |